| 000 | 00556nam a2200169 i 4500 | ||
|---|---|---|---|
| 001 | 149502 | ||
| 003 | ES-MaACL | ||
| 005 | 20230906203130.0 | ||
| 007 | t| | ||
| 008 | 071023s1966 sp ||||1| spa d | ||
| 100 | 1 |
_aVarela Martínez, Luis. _9113163 |
|
| 245 | 1 | 0 |
_aBiblia y espiritualidad en San Juan Bautista de la Salle / _cLuis Varela Martínez. |
| 260 |
_aSalamanca : _bInstituto Pontificio "San Pío X", _c1966. |
||
| 300 |
_a362 p. : _bil. ; _c24 cm. |
||
| 710 | 2 |
_aInstituto Pontificio San Pío X. _95211 |
|
| 852 |
_aES-MaACL _jC-29198 _bR.59669 |
||
| 999 |
_c149502 _d149502 |
||